Bratislava 100 cvetnych fotografij i gravjur, istorija i dostoprimečatel'nosti, okrestnosti goroda, karta centra goroda

Bibliographic Details
Main Author: Sloboda, Martin, 1974- (Author, Editor, Photographer)
Other Authors: Vrlák, Robert (Photographer), Kostroň, Ivan, 1951- (Photographer), Veliká, Dagmar, 1950- (Photographer), Leixnerová, Thea (Photographer), Vojček, Alexander (Photographer), Pavlásková, Anna, 1943- (Translator)
Format: Book
Language:Russian
Slovak
PhysicalDescription:52 strán farebné fotografie, ilustrácie, mapy 21 cm
Published: Bratislava MS Agency c2003
ISBN:8096889397
Edition:[1. vydanie]
Subjects:

MARC

LEADER 00000cam a2200000 a 4500
001 vtls001457519
003 SK-MaSNL
005 20260426000933.0
008 240226s2003 xo oab gr 000 0 rus
015 |a SNBE2003/03-01754 
020 |a 8096889397 
035 |a SNK000412826 
035 |a urn:nbn:sk:snk-am3iwrw 
035 |a 32B47104-C02E-4E53-AB05-635D21BBC016 
035 |a urn:nbn:sk:snk-am00g3d2 
040 |a SNK  |b slo  |c SNK  |e AACR2 
041 1 |a rus  |h slo 
043 |a e-xo--- 
044 |a xo  |c SK 
072 7 |a 913(437)  |x Geografia Česka a Slovenska, reálie, cestovanie  |2 konspekt 
080 |a 908(437.611)  |2 2011 
080 |a (036)  |2 2011 
080 |a (084.11)  |2 2011 
080 |a (036)913  |2 2011 
100 1 |a Sloboda, Martin,  |d 1974-  |4 aut  |4 edt  |4 pht  |9 103064 
245 1 0 |a Bratislava  |b 100 cvetnych fotografij i gravjur, istorija i dostoprimečatel'nosti, okrestnosti goroda, karta centra goroda  |c Martin Sloboda ; editor: Martin Sloboda ; photography: Martin Sloboda ... [et al.] ; translation: Anna Pavlásková 
250 |a [1. vydanie] 
260 |a Bratislava  |b MS Agency  |c c2003 
300 |a 52 strán  |b farebné fotografie, ilustrácie, mapy  |c 21 cm 
500 |a Pravdepodobne preložené zo slovenčiny 
650 0 7 |a vlastiveda  |2 SNKPH  |9 3887 
651 7 |a Bratislava (Slovensko)  |2 SNKPHgeo  |9 14568 
655 7 |a informačné publikácie  |2 SNKPH  |9 70181 
655 7 |a turistickí sprievodcovia (publikácie)  |2 SNKPH  |9 191298 
655 7 |a obrazové publikácie  |2 SNKPH  |9 70343 
700 1 |a Vrlák, Robert  |4 pht  |9 298069 
700 1 |a Kostroň, Ivan,  |d 1951-  |4 pht  |9 92934 
700 1 |a Veliká, Dagmar,  |d 1950-  |4 pht  |9 120350 
700 1 |a Leixnerová, Thea  |4 pht  |9 45293 
700 1 |a Vojček, Alexander  |4 pht 
700 1 |a Pavlásková, Anna,  |d 1943-  |4 trl  |9 224482 
919 |a 80-968893-9-7 
958 |a RU 
958 |a OP 
958 |a OND 
968 |a Rus  |b SLO 
999 |c 869740  |d 871670 
952 |a SNK  |b SNK  |y PREZ  |7 0  |p 17A0392383  |o snkSC 112465  |i snkKSP 9362/2003  |0 0  |1 0  |4 0  |d 2003-07-30  |f 1  |l 0  |r 2025-10-02 00:00:00  |w 2026-02-24 
952 |a SNK  |b SNK  |y VYP  |7 0  |p 17A0392384  |o snkSC 112465 D1  |i snkKSP 9363/2003  |0 0  |1 0  |4 0  |d 2003-07-30  |l 0  |r 2005-01-02 00:00:00  |w 2026-02-24